000 00987nam0a22002411i 4500
001 rc\4760317
005 20240726043859.0
021 _aRU
_b[67-25504]
035 _a(NLR Aleph) 009016453
090 _a9400720
_c9400720
100 _a20130417d1966 |||y0rusy50 ca
101 0 _arus
102 _aRU
105 _ay d |||||
200 1 _aРазвитие внутренней медицины на Украине в 1917-1941 гг.
_e(По материалам научных мед. съездов и др. источников)
_eАвтореферат дис. на соискание учен. степени канд. мед. наук
_fВинниц. мед. ин-т им. Н.И. Пирогова
210 _aВинница
_d1966
215 _a19 с.
606 _aТерапия
_xИстория
_2psbo
700 1 _aЛыпкань
_bА.Е.
_gАндрей Евдокимович
801 0 _aRU
_bNLR
_gpsbo
801 1 _aRU
_bELAR
_2rusmarc
852 _aNLR
_j67-4/10000
942 _cBOOK